000 00510nam a2200181Ia 4500
999 _c1705
_d1705
003 OSt
005 20200922142638.0
008 190216s9999||||xx |||||||||||||| ||und||
020 _a8122407927
040 _coclc
082 _a585
_bBHA/G
100 _aBhatnagar, S P
_94817
245 0 _aGymnosperms /
_cS P Bhatnagar ; Alok Moitra
260 _bNew Age International Publishers,
_aNew Delhi:
_c2003.
300 _a470p
650 _aBotany
942 _cBK
_2ddc
_h585
_iBHA/G
_k585
_mBHA/G